| Tag |
First Indicator |
Second Indicator |
Subfields |
| LEADER |
00000cam a2200000 4500 |
| 001 |
in00000326821 |
| 005 |
20151011050217.0 |
| 008 |
741122s1965 flu b 00010 eng |
| 010 |
|
|
|a 65064224
|
| 035 |
|
|
|a (OCoLC)01085124
|
| 035 |
|
|
|9 ABJ9548AM
|
| 040 |
|
|
|c CSU
|d TXA
|d UtOrBLW
|
| 049 |
|
|
|a TXAM
|c [511842]
|
| 050 |
|
0 |
|a AS36
|b .F57 no.46
|
| 100 |
1 |
|
|a Richardson, Joe Martin.
|
| 245 |
1 |
4 |
|a The Negro in the reconstruction of Florida, 1865-1877.
|
| 264 |
|
1 |
|a Tallahassee :
|b Florida State University,
|c 1965.
|
| 300 |
|
|
|a xi, 255 pages ;
|c 24 cm.
|
| 336 |
|
|
|a text
|b txt
|2 rdacontent
|
| 337 |
|
|
|a unmediated
|b n
|2 rdamedia
|
| 338 |
|
|
|a volume
|b nc
|2 rdacarrier
|
| 490 |
1 |
|
|a Florida State University studies, no.46
|
| 504 |
|
|
|a Bibliography: pages 241-249.
|
| 650 |
|
0 |
|a Freedmen
|z Florida.
|
| 650 |
|
0 |
|a Reconstruction (U.S. history, 1865-1877)
|z Florida.
|
| 830 |
|
0 |
|a Florida State University studies ;
|v no. 46.
|
| 999 |
|
|
|a MARS
|
| 999 |
f |
f |
|s a2f3142b-3774-3fb9-9df6-8e95a0b3c22e
|i c538de34-b687-3b5c-8dfd-a0a5969641df
|t 0
|
| 952 |
f |
f |
|p noncirc
|a Texas A&M University
|b College Station
|c Cushing Memorial Library & Archives
|d Cushing: Area Studies/Africana (Does not check out)
|t 0
|e AS36 .F57 no.46
|h Library of Congress classification
|i unmediated -- volume
|m A14851949223
|
| 998 |
f |
f |
|a AS36 .F57 no.46
|t 0
|l Cushing: Area Studies/Africana (Does not check out)
|